Επικοινωνίες δεδομένων

Αποθηκεύτηκε σε:
Λεπτομέρειες βιβλιογραφικής εγγραφής
Κύριος συγγραφέας: Αλεξόπουλος, Άρης Κ.
Άλλοι συγγραφείς: Λαγογιάννης, Γιώργος, Αβραμόπουλος, Μηνάς Κ.
Μορφή: Βιβλίο
Γλώσσα:Greek
Δημοσίευση: Αθήνα : Μ. Αβραμόπουλος, 1998.
Έκδοση:2η εκδ.
Θέματα:
Ετικέτες: Προσθήκη ετικέτας
Δεν υπάρχουν, Καταχωρήστε ετικέτα πρώτοι!

MARC

LEADER 00000cam a2200000 i 4500
001 1/101813
008 000310s1998 gr | ||| |||| ||gre||
020 |a 9602202521 
035 |l 10057836 
040 |a GR-MyUA  |b gre  |e AACR2 
041 0 |a gre 
082 0 |a 004.6 
100 1 |a Αλεξόπουλος, Άρης Κ. 
245 1 0 |a Επικοινωνίες δεδομένων /   |c Α. Αλεξόπουλος, Γ. Λαγογιάννης, Μ. Αβραμόπουλος.  
250 |a 2η εκδ.  
260 |a Αθήνα :   |b Μ. Αβραμόπουλος,   |b 1998.  
300 |a 303 σ. ;   |c 24 εκ.  
504 |a Περιέχει βιβλιογραφικές αναφορές.  
650 0 0 |a Data transmission systems. 
650 0 0 |a Computer networks. 
700 1 |a Λαγογιάννης, Γιώργος. 
700 1 |a Αβραμόπουλος, Μηνάς Κ. 
852 |a INST  |b SAMOS  |e 20000310  |h 004.6 ΑΛΕ  |p 005300015644  |q 005300015644  |t BK  |y 0 
901 |a BIBL3-2000-1 
909 |a Σ  |b 072625 
922 |a 3ΕΛΗ  |b 199912  |c ΒΙΒΛΙΟΘΗΚΗ  |d ΠΑΠΑΣΩΤΗΡΙΟΥ 
950 |a 127-1999-11-23 
970 |a ΠΟΥΡΝΑΡΑΣ  |b ΔΗΜΗΤΡΗΣ  |z 2000/03/10